Código Penal: edición oficial, aprobada por Decreto Nº 103 de 31 de enero de 1997 del Ministerio de Justicia
Đã lưu trong:
| Định dạng: | Sách |
|---|---|
| Ngôn ngữ: | Tiếng Tây Ban Nha |
| Được phát hành: |
Santiago
Jurídica de Chile
1998
|
| Phiên bản: | 15a. ed |
| Những chủ đề: | |
| Các nhãn: |
Thêm thẻ
Không có thẻ, Là người đầu tiên thẻ bản ghi này!
|
MARC
| LEADER | 00000nam a2200000 a 4500 | ||
|---|---|---|---|
| 001 | UCR7364 | ||
| 003 | CL-VaPUC | ||
| 008 | 980515e19980000CL |||||||||||||||||spa|d | ||
| 082 | 0 | 4 | |a 345.83 |b COD |2 21 |
| 245 | 1 | 0 | |a Código Penal: edición oficial, aprobada por Decreto Nº 103 de 31 de enero de 1997 del Ministerio de Justicia |
| 250 | |a 15a. ed | ||
| 300 | |a 413 p | ||
| 942 | |c BK | ||
| 945 | |d 19980515 00:00:00 |a rbrito | ||
| 260 | |a Santiago |b Jurídica de Chile |c 1998 | ||
| 500 | |a Apéndice actualizado a marzo de 1998 | ||
| 650 | 0 | |a Código penal |9 255935 | |
| 650 | 0 | |a Delitos |9 224143 | |
| 650 | 0 | |a Penas |9 255927 | |
| 650 | 0 | |a Aplicación de la pena |9 336797 | |
| 650 | 7 | |a FALSIFICACIONES |2 CL-VaPUC |9 403227 | |
| 583 | |a last modification |c 20111020 11:40:07 |k Rodrigo Vera | ||
| 999 | |c 269064 |d 269062 | ||
| 952 | |0 0 |1 0 |2 ddc |4 0 |6 345_830000000000000_COD_1998 |7 0 |8 FOND_LRYV |9 302674 |a BIBDER |b BIBDER |d 2019-11-20 |i 3427579 |o 345.83 COD 1998 |p 3427579 |r 2023-01-25 |w 2019-11-20 |y BK_X |k DER | ||
| 952 | |0 0 |1 0 |2 ddc |4 0 |6 345_830000000000000_COD_1998 |7 0 |8 FOND_LRYV |9 302675 |a BIBDER |b BIBDER |d 2019-11-20 |i 3427587 |o 345.83 COD 1998 |p 3427587 |r 2023-01-25 |w 2019-11-20 |y BK_X |k DER | ||